• 首页
  • 本馆介绍
  • 公告通知
  • 最新文献
  • 馆藏检索
  • 电子资源
  • 读者导购
  • 参考咨询
  • 我的图书馆
  • 登录
  • 详细信息显示
  • 放入我的书架
  • 预约/预借图书
  • 作者相关作品
  • 分类相关作品
  • 丛书相关作品
  • 出版社相关作品

书目信息

  • 表格格式
  • 工作单格式
  • 卡片格式
题名:
中国的和平发展道路
    
 
作者: 张宇燕 , 冯维江 著
分册:  
出版信息: 北京   中国社会科学出版社  2017
页数: 292页
开本: 24cm
丛书名: 理解中国丛书
单 册:
中图分类: D60
科图分类:
主题词: 发展战略--fa zhan zhan lue--研究--中国
电子资源:
ISBN: 978-7-5161-9797-4
000 01324nam0 22002891 450
001 1738582963
005 20170627164601.0
010    @a978-7-5161-9797-4@dCNY69.00
100    @a20170505d2017 em y0chiy50 ea
101 0  @achi
102    @aCN@b110000
105    @ay z 000yy
106    @ar
200 1  @a中国的和平发展道路@9zhong guo de he ping fa zhan dao lu@dThe path of China's peaceful development@f张宇燕,冯维江著@zeng
210    @a北京@c中国社会科学出版社@d2017
215    @a292页@d24cm
225 2  @a理解中国丛书@9li jie zhong guo cong shu@f赵剑英主编
300    @a中国社会科学院创新工程学术出版资助项目
330    @a中国强大了,世界会怎样全书从中国文化的特性开篇,以龙的隐喻对当前中国的行为与道路进行理解,认为中国的发展道路应当是:(1)在对外关系中更倾向于合作导向的一体化;(2)并非、未来也不愿做世界秩序的破坏者或颠覆者,而是倾向于扮演积极的角色来维护现有的世界秩序,以保障自身及世界的和平和繁荣;(3)对外合作有自己的底线,坚决维护国家主权、安全、发展利益,绝不屈服于任何外来压力。
461  0 @12001 @a理解中国丛书
510 1  @aPath of China's peaceful development@zeng
606 0  @a发展战略@9fa zhan zhan lue@x研究@y中国
690    @aD60@v5
701  0 @a张宇燕@9zhang yu yan@4著
701  0 @a冯维江@9feng wei jiang@4著
801  0 @aCN@bTANGWEI@c20170620
905    @b1015291-6@dD60@e139@f6
    
    中国的和平发展道路=The path of China's peaceful development/张宇燕,冯维江著.-北京:中国社会科学出版社,2017
    292页;24cm.-(理解中国丛书/赵剑英主编)
    中国社会科学院创新工程学术出版资助项目
    
    ISBN 978-7-5161-9797-4:CNY69.00
    中国强大了,世界会怎样全书从中国文化的特性开篇,以龙的隐喻对当前中国的行为与道路进行理解,认为中国的发展道路应当是:(1)在对外关系中更倾向于合作导向的一体化;(2)并非、未来也不愿做世界秩序的破坏者或颠覆者,而是倾向于扮演积极的角色来维护现有的世界秩序,以保障自身及世界的和平和繁荣;(3)对外合作有自己的底线,坚决维护国家主权、安全、发展利益,绝不屈服于任何外来压力。
●
相关链接 在E读中查询图书 在五车中查询图书 在当当中查询图书 在豆瓣中查询图书


正题名:中国的和平发展道路     索取号:D60/139         预约/预借

序号 登录号 条形码 馆藏地/架位号 状态 备注
1 1015291   210152911   第一样本阅览室/ [索取号:D60/139] 在馆    
2 1015292   210152920   教育系资料室/ [索取号:D60/139] 在馆    
3 1015293   210152939   教育系资料室/ [索取号:D60/139] 在馆    
4 1015294   210152948   教育系资料室/ [索取号:D60/139] 在馆    
5 1015295   210152957   第一借阅区/ [索取号:D60/139] 在馆    
6 1015296   210152966   第一借阅区/ [索取号:D60/139] 在馆    
唐山师范学院图书馆 欢迎您!
大连网信软件有限公司© 版权所有